Normal view
MARC view
- بدران ، براهيم/ م مشارك هاني عبيد
Entry Personal Name
001 - CONTROL NUMBER
- control field: 17346
003 - CONTROL NUMBER IDENTIFIER
- control field: JO-AjAnu
005 - DATE AND TIME OF LATEST TRANSACTION
- control field: 20230606073050.0
008 - FIXED-LENGTH DATA ELEMENTS
- fixed length control field: 230606|| aca||aabn | a|a d
040 ## - CATALOGING SOURCE
- Original cataloging agency: JO-AjAnu
- Transcribing agency: JO-AjAnu
100 ## - HEADING--PERSONAL NAME
- Personal name: بدران ، براهيم/ م مشارك هاني عبيد
670 ## - SOURCE DATA FOUND
- Source citation: Work cat.: (JO-AjAnu)8906: بدران ، براهيم/ م مشارك هاني عبيد , author, الطاقه النوويه وحادثة تشر نوبل